Finding Nemo Shark Pledge Quiz Stats

 Plays Quiz Updated Jun 17, 2016

Challenge
Share
Tweet
Embed
Score 0/27 Timer 04:00
7 Plays Today
% Correct
Fish
93.4%
not
93%
not
93%
a
91.7%
a
91.7%
I
91.3%
I
91.3%
I
91.3%
are
89.4%
food.
88.6%
friends,
88.4%
shark,
80.5%
am
75.3%
am
75.3%
% Correct
nice
54.9%
to
44.3%
eating
43.8%
machine.
41.3%
mindless
35%
If
32.9%
must
25.7%
this
25.6%
change
23.8%
change
23.8%
myself.
23.7%
first
22.6%
image,
21.1%

You're not logged in!

Compare scores with friends on all Sporcle quizzes.
OR
Log In

You Might Also Like...

Show Comments

Extras

Top Quizzes Today


Score Distribution

Your Account Isn't Verified!

In order to create a playlist on Sporcle, you need to verify the email address you used during registration. Go to your Sporcle Settings to finish the process.

Report this User

Report this user for behavior that violates our Community Guidelines.

Details: